000 00339nam a22001577a 4500
003 SGT
082 _a510,GOY
100 _aGOYAL,J.K
245 _aADVANCED COURSE IN MODERN ALGEBRA
250 _a16TH
260 _aMEERUT
_bPRAGATI PRAKASHAN
_c2016
300 _a732
650 _aALGEBRA
653 _aALGEBRA
942 _2ddc
_cFPS
_03
999 _c10008
_d10008